Statistics for Top 100 Current Baseball Players

Click here to take the quiz!

General Stats

  • This quiz has been taken 269 times
  • The average score is 29 of 100

Answer Stats

PosititonTeamPlayer% Correct
OFAngelsMike Trout
99%
OFYankeesGiancarlo Stanton
85%
OFNationalsBryce Harper
68%
OFMarlinsChristian Yelich
66%
OFRed SoxMookie Betts
66%
PDodgersClayton Kershaw
57%
1BTigersMiguel Cabrera
52%
OFRoyalsMelky Cabrera
51%
2BAstrosJose Altuve
50%
PNationalsMax Scherzer
50%
3BCubsKris Bryant
47%
1BCubsAnthony Rizzo
46%
CGiantsBuster Posey
44%
PAstrosJustin Verlander
44%
3BRockiesNolan Arenado
44%
SSAstrosCarlos Correa
41%
1BRedsJoey Votto
41%
OFMarlinsMarcell Ozuna
41%
CCardinalsYadier Molina
41%
OFPiratesAndrew McCutchen
40%
1BBravesFreddie Freeman
40%
1BAngelsAlbert Pujols
39%
1BDiamondbacksPaul Goldschmidt
39%
CRoyalsSalvador Perez
39%
1BGiantsBrandon Belt
37%
PRed SoxChris Sale
37%
PMarinersFelix Hernandez
37%
PMetsJacob DeGrom
37%
SSDodgersCorey Seager
36%
3BMarinersKyle Seager
36%
3BOriolesManny Machado
36%
SSIndiansFrancisco Lindor
35%
PGiantsMadison Bumgarner
35%
PCardinalsCarlos Martinez
34%
DHTigersVictor Martinez
34%
2BRed SoxDustin Pedroia
33%
OFBlue JaysJose Bautista
33%
DHMarinersNelson Cruz
32%
OFOriolesAdam Jones
31%
1BDodgersAdrian Gonzalez
31%
SSGiantsBrandon Crawford
31%
OFRockiesCarlos Gonzalez
31%
OFRockiesCharlie Blackmon
31%
1BRoyalsEric Hosmer
31%
OFAstrosGeorge Springer
31%
DHAthleticsKhris Davis
31%
PCubsWade Davis
31%
3BRangersAdrian Beltre
30%
PIndiansCorey Kluber
30%
2BMarinersRobinson Cano
28%
1BNationalsRyan Zimmerman
28%
PCardinalsAdam Wainwright
27%
PYankeesAroldis Chapman
27%
OFRoyalsLorenzo Cain
27%
OFBrewersRyan Braun
25%
CAstrosBrian McCann
24%
PYankeesC.C. Sabathia
24%
SSBlue JaysTroy Tulowitzki
24%
PRed SoxDavid Price
23%
3BRed SoxHanley Ramirez
21%
PCubsJake Arrieta
20%
PDodgersKenley Jansen
20%
3BCardinalsMatt Carpenter
20%
PMetsNoah Syndergaard
20%
2BTwinsBrian Dozier
19%
2BTigersIan Kinsler
19%
OFBravesMatt Kemp
19%
1BTwinsJoe Mauer
18%
SSMetsJose Reyes
18%
PAstrosDallas Keuchel
17%
OFGiantsHunter Pence
17%
3BRoyalsMike Moustakas
17%
3BGiantsPablo Sandoval
17%
PRed SoxCraig Kimbrel
15%
DHIndiansEdwin Encarnacion
15%
PDodgersYu Darvish
15%
PIndiansAndrew Miller
14%
2BRockiesDJ LeMahieu
14%
CBravesKurt Suzuki
14%
OFBravesNick Markakis
14%
2BMarlinsStarlin Castro
14%
1BPadresWill Myers
14%
PDiamondbacksZack Grienke
14%
PRaysChris Archer
13%
2BDodgersChase Utley
12%
OFMarlinsIchiro Suzuki
12%
DHRangersPrince Fielder
12%
DHAstrosCarlos Beltran
11%
OFOriolesMark Trumbo
11%
PGiantsJohnny Cueto
10%
PYankeesDellin Betances
9%
OFCardinalsDexter Fowler
9%
SSRedsZack Cozart
9%
OFBravesEnder Inciarte
7%
PBravesJulio Teheran
7%
OFDodgersCurtis Granderson
6%
PTwinsBartolo Colon
5%
PBravesR.A. Dickey
4%
PGiantsJeff Samardzija
1%
PBrewersMatt Garza
1%

Score Distribution

Percentile by Number Answered

Percent of People with Each Score

Your Score History

You have not taken this quiz